[Event "Lebu op 1st"]
[Site "Lebu"]
[Date "2016.07.16"]
[Round "3.4"]
[White "Duran Herrera, Diego"]
[Black "Matamala Clemente, Javier"]
[Result "0-1"]
[WhiteElo "1018"]
[BlackElo "1624"]
[PlyCount "104"]
[EventDate "2016.07.16"]
[EventType "swiss"]
[EventRounds "5"]
[EventCountry "CHI"]
[SourceTitle "EXT 2024"]
[Source "ChessBase"]
[SourceDate "2023.10.10"]
[SourceVersion "1"]
[SourceVersionDate "2023.10.10"]
[SourceQuality "1"]

1. e4 c5 2. Bc4 Nc6 3. Qf3 e6 4. d3 Nf6 5. Ne2 Be7 6. c3 d5 7. exd5 exd5 8. Bb5 0-0 9. Bxc6 bxc6 10. 0-0 Bg4 11. Qe3 Re8 12. Ng3 Bd6 13. Qd2 h6 14. c4 d4 15. a3 a5 16. Re1 Qc7 17. Rxe8+ Rxe8 18. b3 Bxg3 19. hxg3 Be2 20. Qf4 Qxf4 21. Bxf4 Bxd3 22. Nd2 Re2 23. Nf1 Rb2 24. Bd6 Nd7 25. Bc7 Rxb3 26. Bxa5 Ne5 27. Nd2 Rb2 28. f4 Nxc4 29. Nxc4 Bxc4 30. Rc1 Bd5 31. Rxc5 Rxg2+ 32. Kf1 Rxg3 33. a4 Ra3 34. Ke1 Rxa4 35. Ke2 h5 36. Be1 Ra3 37. Rc1 Rf3 38. Bd2 h4 39. Rh1 Rf2+ 40. Kxf2 Bxh1 41. Be1 h3 42. Bd2 c5 43. Be1 c4 44. Bd2 Be4 45. Kg1 c3 46. Bc1 d3 47. Kf2 h2 48. Ke3 h1Q 49. f5 Qf3+ 50. Kd4 d2 51. Bxd2 cxd2 52. Ke5 d1Q 0-1

[Event "Lebu op 1st"]
[Site "Lebu"]
[Date "2016.07.16"]
[Round "1.3"]
[White "Miranda Gatica, Claudio Adolfo"]
[Black "Duran Herrera, Diego"]
[Result "1-0"]
[WhiteElo "1652"]
[BlackElo "1018"]
[PlyCount "53"]
[EventDate "2016.07.16"]
[EventType "swiss"]
[EventRounds "5"]
[EventCountry "CHI"]
[SourceTitle "EXT 2024"]
[Source "ChessBase"]
[SourceDate "2023.10.10"]
[SourceVersion "1"]
[SourceVersionDate "2023.10.10"]
[SourceQuality "1"]

1. e4 e5 2. f4 d6 3. Nf3 Nc6 4. Bc4 Be7 5. 0-0 Bg4 6. c3 Bf6 7. Bxf7+ Kxf7 8. Ng5+ Ke8 9. Qxg4 Nh6 10. Qh5+ Ke7 11. d3 Qf8 12. fxe5 Nxe5 13. d4 g6 14. Qh3 Neg4 15. e5 dxe5 16. dxe5 Nxe5 17. Qe6+ Kd8 18. Rxf6 Qe7 19. Qxe7+ Kxe7 20. Re6+ Kd7 21. Rxe5 Ng4 22. Re4 h5 23. Rd4+ Kc6 24. Bf4 Rhe8 25. Rc4+ Kd5 26. Na3 c6 27. Rd1# 1-0